Polémica de Enriquillo / (Registro nro. 13804)

Detalles MARC
000 -LEADER
fixed length control field 01010nam a2200289 a 4500
001 - CONTROL NUMBER
control field
003 - CONTROL NUMBER IDENTIFIER
control field DO-SdBNP
005 - DATE AND TIME OF LATEST TRANSACTION
control field 20211019100621.0
008 - FIXED-LENGTH DATA ELEMENTS--GENERAL INFORMATION
fixed length control field 110131s1973 dr 001 0 spa d
040 ## - CATALOGING SOURCE
Original cataloging agency DO-SdBNP
Language of cataloging spa
Transcribing agency BPMSU
082 ## - DEWEY DECIMAL CLASSIFICATION NUMBER
Classification number 972.9302
Item number U92p 1973
Edition number 22
100 1# - MAIN ENTRY--PERSONAL NAME
Personal name Utrea Cipriano de
Dates associated with a name 1886-1958
Relator term fray,
245 10 - TITLE STATEMENT
Title Polémica de Enriquillo /
Statement of responsibility, etc. Cipriano de Utrera ; prefacio de E. Rodríguez Demorizi.
260 ## - PUBLICATION, DISTRIBUTION, ETC. (IMPRINT)
Place of publication, distribution, etc. Santo Domingo :
Name of publisher, distributor, etc. Editora del Caribe,
Date of publication, distribution, etc. 1973.
300 ## - PHYSICAL DESCRIPTION
Extent 498 p. ;
Dimensions 24 cm.
490 0# - SERIES STATEMENT
Series statement Academia Dominicana de la Historia
Volume/sequential designation 34
500 ## - GENERAL NOTE
General note Incluye índice
590 ## - LOCAL NOTE (RLIN)
Local note Inventariado, 2021/VM
600 14 - SUBJECT ADDED ENTRY--PERSONAL NAME
Personal name Enriquillo (Cacique )
Dates associated with a name 1503-1535
650 #4 - SUBJECT ADDED ENTRY--TOPICAL TERM
Topical term or geographic name as entry element Trato a los indígenas
Geographic subdivision República Dominicana
650 #4 - SUBJECT ADDED ENTRY--TOPICAL TERM
Topical term or geographic name as entry element Indígenas de República Dominicana
651 #4 - SUBJECT ADDED ENTRY--GEOGRAPHIC NAME
Geographic name República Dominicana
General subdivision Historia
Chronological subdivision Colonia, 1503-1795
700 1# - ADDED ENTRY--PERSONAL NAME
Personal name Rodríguez Demorizi, Emilio,
Dates associated with a name 1908-1986
710 2# - ADDED ENTRY--CORPORATE NAME
Corporate name or jurisdiction name as entry element Academia Dominica de la Historia
910 ## - USER-OPTION DATA (OCLC)
User-option data VMateo V.
942 ## - ADDED ENTRY ELEMENTS (KOHA)
Source of classification or shelving scheme Dewey Decimal Classification
Koha item type Libros
Existencias
Withdrawn status Lost status Source of classification or shelving scheme Damaged status Not for loan Collection code Home library Current library Date acquired Total Checkouts Full call number Barcode Date last seen Price effective from Koha item type
    Dewey Decimal Classification     Colección Dominicana Biblioteca Pública Metropolitana Salomé Ureña Biblioteca Pública Metropolitana Salomé Ureña 10/19/2021   BPMSU CD 972.9302 U92p 1973 BPMSU21100110 10/19/2021 10/19/2021 Libros